| 000 | 00000nam##2200000za#4500 |
| 001 | 9.599510 |
| 003 | CaOODSP |
| 005 | 20220505163028 |
| 007 | cr ||||||||||| |
| 008 | 150406|2007||||xxc|||||o f|0| 0 fre|d |
| 040 | |aCaOODSP|bfre |
| 043 | |an-cn--- |
| 086 | 1 |aH12-21-3/33-2F-PDF |
| 110 | 2 |aAgence de santé publique du Canada. |
| 245 | 10|aDépistage du VIH dans les points de service à l'aide de trousses de dépistage rapide : |h[ressource électronique]|bguide à l'intention des professionnels de la santé |
| 260 | |bAgence de santé publique du Canada |cNovembre 2007. |
| 300 | |a29p.|bfigure, références, tableaux |
| 490 | 1 |aRelevé des maladies transmissible au Canada. Supplément|vVol. 33S2 |
| 590 | |a10-09-Supp|b2010-11-02 |
| 775 | 08|tPoint-of-care HIV testing using rapid HIV test kits : |w(CaOODSP)9.568222 |
| 830 | #0|aRelevé des maladies transmissible au Canada. Supplément ;|vVol. 33S2|w(CaOODSP)9.501303 |
| 856 | 40|ahttp://publications.gc.ca|qPDF|s345 Ko|uhttps://publications.gc.ca/collections/collection_2010/aspc-phac/H12-21-3-33-2-fra.pdf|yVol. 33S2 |